000 00851nam a22002897i 4500
999 _c200448561
_d66773
003 TR-AnTOB
005 20240418142243.0
007 ta
008 220414t2005 xxk 000 0 eng d
040 _aTR-AnTOB
_beng
_cTR-AnTOB
_erda
041 0 _aeng
050 _aPE1628
090 _aREF PE1628
_b.C65 2005
245 0 0 _aCollins student's dictionary /
_ceditors Cordelia Lilly [and four others].
246 3 _aStudent's dictionary
250 _aInternational edition.
264 1 _aGlasgow :
_bCollins,
_c2005.
264 4 _c©2005
300 _aviii, 984 pages ;
_c20 cm
336 _atext
_btxt
_2rdacontent
337 _aunmediated
_bn
_2rdamedia
338 _avolume
_bnc
_2rdacarrier
650 0 _aEnglish language
_vDictionaries
_95830
700 1 _aLilly, Cordelia
_4editor
_9136675
942 _2lcc
_cBK